Tilastot visalle Valtioita satelliittikuvien mukaan #4

Klikkaa tästä pelataksesi tätä visaa!

Yleistilastot

  • Tätä visaa on pelattu 1 152 kertaa
  • Keskiarvotulos 8 / 16

Vastaustilastot

Vastaus% Oikein
Meksiko
97%
Intia
96%
Ruotsi
94%
Tanska
81%
Vatikaanivaltio
71%
Taiwan
56%
Viro
50%
Papua-Uusi-Guinea
49%
Etelä-Korea
47%
Sveitsi
41%
Costa Rica
37%
Nicaragua
37%
Trinidad ja Tobago
34%
Bolivia
19%
Romania
18%
Azerbaidžan
16%

Tulosjakauma

Persentiili vastausten määrän mukaan

Jokaisen tuloksen saaneiden osuus

Tuloshistoriasi

Et ole pelannut tätä visaa